Score 0/192 Timer 07:00
4 Plays Today
% Correct
____ and found
99.7%
set of written items
99.1%
price
99.1%
greatest amount
99.1%
LOST
99.1%
FINISH
99.1%
0~O~0~O~0~O~0
97.6%
0~O~0~O~0~O~0
97.6%
0~O~0~O~0~O~0
97.5%
0~O~0~O~0~O~0
97.5%
closed hand
96.1%
throw a fishing line
95.6%
has to
95%
MOST
94.9%
before now
94.9%
0~O~0~O~0~O~0
94.9%
0~O~0~O~0~O~0
94.9%
rapid
94.7%
cardinal direction
94.4%
COST
94.4%
0~O~0~O~0~O~0
94.3%
0~O~0~O~0~O~0
94.3%
tuna, for example
94.3%
FIST
94.2%
0~O~0~O~0~O~0
93.9%
0~O~0~O~0~O~0
93.9%
LIST
93.5%
0~O~0~O~0~O~0
93.4%
0~O~0~O~0~O~0
93.4%
0~O~0~O~0~O~0
93.3%
0~O~0~O~0~O~0
93.3%
FISH
93.2%
birthday hope
93.2%
0~O~0~O~0~O~0
92.8%
0~O~0~O~0~O~0
92.8%
0~O~0~O~0~O~0
92.7%
0~O~0~O~0~O~0
92.7%
FAST
92.5%
WISH
92.4%
CAST
91.3%
fair
89.8%
MUST
89.7%
fine spray
89.7%
sail support
89.7%
0~O~0~O~0~O~0
89.5%
0~O~0~O~0~O~0
89.5%
0~O~0~O~0~O~0
89%
0~O~0~O~0~O~0
89%
EAST
88%
the P in PM
87.7%
PAST
87.2%
m in F=ma
86.8%
MIST
86.4%
MAST
86.4%
left, on a ship
85.2%
POST
85%
0~O~0~O~0~O~0
81.1%
0~O~0~O~0~O~0
81.1%
a fish or instrument
80.6%
face covering
80.5%
MASS
80.4%
0~O~0~O~0~O~0
79.6%
0~O~0~O~0~O~0
79.6%
permanent army post
79.4%
% Correct
group into categories
79.2%
PORT
79.1%
0~O~0~O~0~O~0
78.5%
0~O~0~O~0~O~0
78.5%
MASK
78%
workplace authority
76.1%
BASS
76.1%
0~O~0~O~0~O~0
75.6%
0~O~0~O~0~O~0
75.6%
cushioned
75.5%
BOSS
75.4%
SORT
75.1%
JUST
75%
chimney residue
69.1%
defeat easily
67.9%
tree anchor
67.9%
SOOT
67.8%
SOFT
67.7%
ROOT
67.3%
30.48 centimeters
65.8%
FORT
64.5%
owl sound
63.9%
FOOT
63.9%
HOOT
63.3%
boxing match
63.1%
0~O~0~O~0~O~0
62.3%
0~O~0~O~0~O~0
62.3%
0~O~0~O~0~O~0
61.8%
0~O~0~O~0~O~0
61.8%
0~O~0~O~0~O~0
61.2%
0~O~0~O~0~O~0
61.2%
tome
60.7%
BOOT
60.6%
shape of Italy
58.5%
sulk
58.5%
lake vessel
57.3%
0~O~0~O~0~O~0
56.8%
0~O~0~O~0~O~0
56.8%
wild swine
56.6%
BOAT
56.4%
immerse in water
56.1%
fly like an eagle
55.9%
POUT
55.8%
BOAR
55.8%
BOUT
55.8%
SOAR
55.6%
ROUT
55.5%
0~O~0~O~0~O~0
55%
0~O~0~O~0~O~0
55%
foot covering
54.6%
0~O~0~O~0~O~0
54.5%
0~O~0~O~0~O~0
54.5%
0~O~0~O~0~O~0
54.1%
0~O~0~O~0~O~0
54.1%
0~O~0~O~0~O~0
53.9%
0~O~0~O~0~O~0
53.9%
door fastener
53.9%
SOAK
53.9%
connection
53.7%
bend in a hose
53.7%
SOCK
53.5%
0~O~0~O~0~O~0
53.5%
0~O~0~O~0~O~0
53.5%
touch with the tongue
53.4%
% Correct
strike with a foot
53.3%
LICK
53.2%
LOCK
53.1%
KICK
53.1%
close one eye
52.8%
BOOK
52.6%
snatched
52.6%
red plus white
52.6%
0~O~0~O~0~O~0
52.5%
0~O~0~O~0~O~0
52.5%
candle part
52.5%
WINK
52.3%
PINK
51.9%
KINK
51.8%
TOOK
51.7%
choose
51.6%
0~O~0~O~0~O~0
51.6%
0~O~0~O~0~O~0
51.6%
WICK
51.5%
queue
51.3%
0~O~0~O~0~O~0
51.3%
0~O~0~O~0~O~0
51.3%
0~O~0~O~0~O~0
51.3%
0~O~0~O~0~O~0
51.3%
fine, soft fiber
51.2%
kitchen basin
51.2%
hockey necessity
51%
PICK
51%
SINK
50.9%
dollar, slangily
50.6%
PUCK
50.5%
LINK
50.4%
Friar ____
49.8%
BUCK
49.8%
fortune
49.8%
0~O~0~O~0~O~0
49.4%
0~O~0~O~0~O~0
49.4%
Oreo companion
49%
river sediment
48.9%
SILK
48.9%
LINE
48.5%
The Game of ____
48.5%
0~O~0~O~0~O~0
48%
0~O~0~O~0~O~0
48%
63360 inches
48%
MILK
47.9%
TUCK
47.3%
LUCK
47.3%
grain grinder
47.2%
MILE
47.1%
LIFE
46.9%
droop
46.7%
SILT
46.7%
0~O~0~O~0~O~0
45.9%
0~O~0~O~0~O~0
45.9%
Advil, for example
44.9%
MILL
44.9%
PILL
44.4%
slant
42.3%
WILT
42.3%
TILT
41.1%
Scrabble unit
41.1%
YOU DID IT
39.7%
TILE
39.6%
Remove Ads.
Support Sporcle.
Get the best of Sporcle when you Go Orange. This ad-free experience offers more features, more stats, and more fun while also helping to support Sporcle. Thank you for becoming a member.

You're not logged in!

Compare scores with friends on all Sporcle quizzes.
OR
Log In

Show Comments

Extras

Top Quizzes Today


Score Distribution

Your Account Isn't Verified!

In order to create a playlist on Sporcle, you need to verify the email address you used during registration. Go to your Sporcle Settings to finish the process.

Report this User

Report this user for behavior that violates our Community Guidelines.

Details: